The Amazing Race: Most Visited Countries - Statistics

General Stats
  • This quiz has been taken 283 times
  • The average score is 20 of 27
Answer Stats
No of times Country % Correct
11 China
98%
6 Italy
91%
7 France
90%
6 Japan
90%
24 United States
90%
8 Germany
89%
10 India
88%
4 Brazil
87%
4 Spain
85%
4 Australia
84%
5 United Kingdom
83%
6 Russia
81%
5 Argentina
80%
5 Thailand
75%
3 South Africa
74%
4 Indonesia
73%
4 Chile
68%
4 New Zealand
68%
3 Sweden
67%
5 Switzerland
67%
4 Vietnam
65%
5 Austria
64%
3 Norway
64%
5 Malaysia
62%
4 Netherlands
59%
3 Tanzania
33%
3 United Arab Emirates
15%
No matching quizzes found
Score Distribution
Percent of People with Each Score
Percentile by Number Answered
Your Score History
You have not taken this quiz